000 00189 a2200097 4500
020 _a042799348550
041 _aeng
100 _aAnonimo
245 _aDid you ever see A Duckie
942 _cBK
999 _c10022
_d10022